000 00298nam a22001337a 4500
008 181011b xxu||||| |||| 00| 0 eng d
020 _a0395868440
041 _aeng
080 _a821
100 _a21
101 _aGJL
245 _aPatterns. A short Prose reader
_cConlin, M.L
942 _2udc
_cBK
999 _c49454
_d49454